| 000 | 01510cam a2200337 i 4500 | ||
|---|---|---|---|
| 999 |
_c3401 _d3401 |
||
| 001 | b0843356 | ||
| 003 | OSt | ||
| 005 | 20231220090454.0 | ||
| 008 | 230703t20202020enka c 000 1 eng d | ||
| 020 |
_a9780008349141 _q(paperback) : |
||
| 040 |
_aESL _beng _cTAE _dTAE _dKH8 _erda |
||
| 042 | _anbic | ||
| 082 | 0 | _a823.92 WAL | |
| 100 | 1 |
_aWalliams, David, _d1971- _eauthor. |
|
| 245 | 1 | 0 |
_aSlime / _cDavid Walliams ; illustrated by Tony Ross. |
| 264 | 1 |
_aLondon : _bHarperCollins Children's Books, _c2020. |
|
| 264 | 4 | _c©2020. | |
| 300 |
_a311 pages : _billustrations ; _c21 cm. |
||
| 336 |
_atext _btxt _2rdacontent. |
||
| 337 |
_aunmediated _bn _2rdamedia. |
||
| 338 |
_avolume _bnc _2rdacarrier. |
||
| 520 | _aWelcome to the Isle of Mulch. This little island is home to a large number of horrible grown-ups. The school, the local park, the toy shop and even the island's ice-cream van are all run by awful adults who like nothing more than making children miserable. And the island is owned by the most awful one of all, Aunt Greta Greed! Something needs to be done about them. But who could be brave enough? Meet Ned, an extraordinary boy with a special power. SLIMEPOWER! | ||
| 521 | 1 | _aAges 9-12. | |
| 650 | 0 |
_aChildren with disabilities _vJuvenile fiction. |
|
| 650 | 0 |
_aIsland life _vJuvenile fiction. |
|
| 650 | 0 |
_aSchool children _vJuvenile fiction. |
|
| 650 | 0 |
_aFamilies _vJuvenile fiction. |
|
| 650 | 0 |
_aAbility _vJuvenile fiction. |
|
| 700 | 1 |
_aRoss, Tony, _eillustrator. |
|
| 942 |
_2ddc _cFIC |
||